<?xml version="1.0" encoding="UTF-8"?>
<record
    xmlns:xsi="http://www.w3.org/2001/XMLSchema-instance"
    xsi:schemaLocation="http://www.loc.gov/MARC21/slim http://www.loc.gov/standards/marcxml/schema/MARC21slim.xsd"
    xmlns="http://www.loc.gov/MARC21/slim">

  <leader>01302nam a2200277 a 4500</leader>
  <controlfield tag="001">79545</controlfield>
  <controlfield tag="003">BD-RjUL</controlfield>
  <controlfield tag="005">20220511153147.0</controlfield>
  <controlfield tag="008">220310s2006    bg a|||| m||| 00| 0 eng d</controlfield>
  <datafield tag="035" ind1=" " ind2=" ">
    <subfield code="a">(BD-RjUL)79545</subfield>
  </datafield>
  <datafield tag="040" ind1=" " ind2=" ">
    <subfield code="a">BD-RjUL</subfield>
    <subfield code="b">eng</subfield>
    <subfield code="c">BD-RjUL</subfield>
    <subfield code="d">BD-RjUL</subfield>
  </datafield>
  <datafield tag="041" ind1=" " ind2=" ">
    <subfield code="a">eng</subfield>
  </datafield>
  <datafield tag="082" ind1=" " ind2=" ">
    <subfield code="a">332.30954924</subfield>
    <subfield code="b">KAR 2006</subfield>
    <subfield code="2">23</subfield>
  </datafield>
  <datafield tag="100" ind1=" " ind2=" ">
    <subfield code="a">Karim, Md. Shaik Romijul</subfield>
    <subfield code="9">1829</subfield>
  </datafield>
  <datafield tag="245" ind1="0" ind2="1">
    <subfield code="a">Rural Financing in Bangladesh with Special Reference to Natore District:</subfield>
    <subfield code="b">A Comparative Study of Grameen Bank (GB) and the Bangdesh Rural Advancement Committee (BRAC) /</subfield>
    <subfield code="c">Md. Shaik Romijul Karim ; </subfield>
    <subfield code="6">Supervisor : Priya Brata Paul</subfield>
  </datafield>
  <datafield tag="260" ind1=" " ind2=" ">
    <subfield code="a">Rajshahi :</subfield>
    <subfield code="b">Department of Accounting Avd Information Systems, University of Rajshahi,</subfield>
    <subfield code="c">2006</subfield>
  </datafield>
  <datafield tag="300" ind1=" " ind2=" ">
    <subfield code="a">xxvi, 297 Leaves :</subfield>
    <subfield code="b">ill. ;</subfield>
    <subfield code="c">29 cm.</subfield>
  </datafield>
  <datafield tag="502" ind1=" " ind2=" ">
    <subfield code="a">Thesis (Ph. D.) -- Department of Accounting Avd Information Systems, University of Rajshahi, 2006</subfield>
  </datafield>
  <datafield tag="504" ind1=" " ind2=" ">
    <subfield code="a">Bibliography : Leaves 277-284</subfield>
  </datafield>
  <datafield tag="650" ind1=" " ind2=" ">
    <subfield code="a">Banks and Banking</subfield>
    <subfield code="z">Bangladesh</subfield>
    <subfield code="z">Natore District</subfield>
    <subfield code="9">2937</subfield>
  </datafield>
  <datafield tag="650" ind1=" " ind2=" ">
    <subfield code="a">Rural development </subfield>
    <subfield code="z">Bangladesh </subfield>
    <subfield code="x">Finance.</subfield>
    <subfield code="9">2938</subfield>
  </datafield>
  <datafield tag="650" ind1=" " ind2=" ">
    <subfield code="a">Grameen Bank (GB) </subfield>
    <subfield code="z">Bangladesh</subfield>
    <subfield code="z">Natore District</subfield>
    <subfield code="9">2939</subfield>
  </datafield>
  <datafield tag="650" ind1=" " ind2=" ">
    <subfield code="a">Bangdesh Rural Advancement Committee (BRAC) </subfield>
    <subfield code="z">Bangladesh</subfield>
    <subfield code="z">Natore District</subfield>
    <subfield code="9">2940</subfield>
  </datafield>
  <datafield tag="700" ind1=" " ind2=" ">
    <subfield code="a">Paul, Priya Brata, Supervisor</subfield>
    <subfield code="9">1831</subfield>
  </datafield>
  <datafield tag="942" ind1=" " ind2=" ">
    <subfield code="2">ddc</subfield>
    <subfield code="c">THE</subfield>
  </datafield>
  <datafield tag="999" ind1=" " ind2=" ">
    <subfield code="c">79545</subfield>
    <subfield code="d">79545</subfield>
  </datafield>
  <datafield tag="952" ind1=" " ind2=" ">
    <subfield code="1">0</subfield>
    <subfield code="2">ddc</subfield>
    <subfield code="4">0</subfield>
    <subfield code="7">1</subfield>
    <subfield code="8">THESES</subfield>
    <subfield code="a">RUCL</subfield>
    <subfield code="b">RUCL</subfield>
    <subfield code="c">Doc/The</subfield>
    <subfield code="d">2007-11-18</subfield>
    <subfield code="e">Controller of Exam., R.U</subfield>
    <subfield code="o">THE 332.30954924 KAR 2006</subfield>
    <subfield code="p">D2662</subfield>
    <subfield code="r">2022-03-10 00:00:00</subfield>
    <subfield code="t">C-1</subfield>
    <subfield code="y">THE</subfield>
  </datafield>
</record>
